Omori ^-^ - Statistics

General Stats
  • This quiz has been taken 572 times
  • The average score is 8 of 8
Answer Stats
Hint Answer % Correct
Shy boy of the group Basil
100%
The college and most mature of the group Hero
100%
Sister of protagonist Mari
100%
Alter-ego of protagonist Omori
100%
Canon name of protagonist Sunny
100%
Energetic friend of the group Kel
99%
The former bully and girl of the group Aubrey
98%
Caretaker of the shy boy Polly
76%
No matching quizzes found
Score Distribution
Percent of People with Each Score
Percentile by Number Answered
Your Score History
You have not taken this quiz